| 000 | 00459nam a2200169 i 4500 | ||
|---|---|---|---|
| 001 | 46787 | ||
| 003 | ES-MaACL | ||
| 005 | 20230906161439.0 | ||
| 007 | t| | ||
| 008 | 030401s1963 sp ||||1| spa d | ||
| 100 | 1 |
_aConn, Howard F. _940199 |
|
| 245 | 1 | 0 |
_aTerapéutica 1963 / _cdirigido por Howard F. Conn. |
| 250 | _a1ª ed. | ||
| 260 |
_aBarcelona, etc. : _bSalvat, _c[1963] |
||
| 300 |
_aXXXVI, 922 p. ; _c26 cm. |
||
| 852 |
_aES-MaACL _jC-23592 _bR.52475 |
||
| 999 |
_c46787 _d46787 |
||